[Event "4. Open. Int. (tot.)"]
[Site "Padova  Fornace Carotta"]
[Date "2001.12.23"]
[Round "5.18"]
[White "Zaccheroni, Dario"]
[Black "Cedriano, Filippo"]
[Result "1-0"]
[WhiteElo "1500"]
[BlackElo "1612"]
[Annotator "Gabriele Ballarin"]
[PlyCount "121"]
[EventDate "2001.12.15"]
[EventType "swiss"]
[EventRounds "6"]
[EventCountry "ITA"]

1. d4 Nf6 2. c4 e6 3. Nc3 d5 4. Bg5 Be7 5. e3 O-O 6. Nf3 Nbd7 7. Rc1 Re8 8. Bd3 dxc4 9. Bxc4 c5 10. O-O a6 11. a4 b6 12. Qc2 cxd4 13. Nxd4 Ne5 14. Ba2 Bd7 15. Bb1 Ng6 16. Rfd1 Qc8 17. h4 h6 18. Bxf6 Bxf6 19. h5 Nf8 20. Qd3 Qb7 21. Qe2 Ra7 22. Be4 Qb8 23. b4 Rc8 24. b5 axb5 25. axb5 Rc5 26. Bc6 Bxd4 27. exd4 Rg5 28. Ne4 Rf5 29. Rc3 Bxc6 30. bxc6 Nh7 31. Rdc1 Qc7 32. Qg4 Rd5 33. Rg3 Ng5 34. Nxg5 Rxg5 35. Qf3 Rxg3 36. fxg3 Ra5 37. Qf4 Qxf4 38. gxf4 Ra8 39. Rb1 Rc8 40. Rxb6 Kf8 41. Kf2 Ke7 42. Ke3 Kd6 43. Rb7 Rc7 44. f5 Kxc6 45. Rxc7+ Kxc7 46. Ke4 exf5+ 47. Kxf5 Kd6 48. Ke4 g6 49. hxg6 fxg6 50. d5 h5 51. Kf4 Kxd5 52. Kg5 Ke4 53. Kxg6 Ke5 54. Kg5 Ke6 55. Kh4 Kf6 56. Kxh5 Kf7 57. Kh6 Kf8 58. Kh7 Kf7 59. g4 Kf6 60. Kh6 Kf7 61. g5 1-0

[Event "4. Open. Int. (tot.)"]
[Site "Padova  Fornace Carotta"]
[Date "2001.12.23"]
[Round "5.19"]
[White "Baracchi, Leonardo"]
[Black "Quaranta, Gaetano"]
[Result "1/2-1/2"]
[WhiteElo "1497"]
[BlackElo "1594"]
[Annotator "Gabriele Ballarin"]
[PlyCount "37"]
[EventDate "2001.12.15"]
[EventType "swiss"]
[EventRounds "6"]
[EventCountry "ITA"]

1. e4 e5 2. Nc3 Nf6 3. f4 exf4 4. e5 Ng8 5. Nf3 d6 6. Bc4 Bg4 7. O-O dxe5 8. Bxf7+ Kxf7 9. Nxe5+ Ke8 10. Nxg4 Bd6 11. d4 g5 12. Re1+ Kd7 13. Nb5 h5 14. Nxd6 cxd6 15. Nf2 Nf6 16. Qe2 Re8 17. Qb5+ Kc8 18. Bd2 d5 19. Rxe8 1/2-1/2

[Event "4. Open. Int. (tot.)"]
[Site "Padova  Fornace Carotta"]
[Date "2001.12.23"]
[Round "5.20"]
[White "Meggiorin, Orlando"]
[Black "Rizzo, Giuseppe"]
[Result "0-1"]
[WhiteElo "1441"]
[BlackElo "1500"]
[Annotator "Gabriele Ballarin"]
[PlyCount "156"]
[EventDate "2001.12.15"]
[EventType "swiss"]
[EventRounds "6"]
[EventCountry "ITA"]

1. e4 Nf6 2. Nc3 d5 3. e5 Nfd7 4. d4 e6 5. Nf3 c5 6. Be3 cxd4 7. Bxd4 Nc6 8. Be2 Nxd4 9. Qxd4 Be7 10. O-O O-O 11. Rfe1 b6 12. a3 a6 13. b4 Bb7 14. Bd3 Rc8 15. Ne2 f5 16. Nf4 Rc6 17. Re3 b5 18. Nd2 Qe8 19. Nb3 Bd8 20. Qb2 Nb6 21. Nc5 Bc8 22. Rh3 Be7 23. Qc1 Bxc5 24. bxc5 Rxc5 25. Qe3 Rc6 26. Qg3 Nc4 27. Nh5 Qg6 28. Bxc4 Rxc4 29. Qf3 Qg4 30. Nf6+ Rxf6 31. exf6 Qxf3 32. Rxf3 g6 33. c3 Kf7 34. Rd1 Kxf6 35. Rd4 Rc5 36. g4 e5 37. Rd1 Kg5 38. gxf5 Bxf5 39. Re3 h5 40. Rc1 Kf6 41. Rce1 d4 42. cxd4 exd4 43. Re8 Rd5 44. Kg2 Kg5 45. f3 d3 46. Kf2 d2 47. Rd1 Bc2 48. Ke2 Bxd1+ 49. Kxd1 Rd3 50. Re6 Rxa3 51. Kxd2 Kf5 52. Rc6 b4 53. Kc2 a5 54. Kb2 Rc3 55. Ra6 Rxf3 56. Rxa5+ Kg4 57. Ra4 Rf4 58. Ra1 Kh3 59. Rg1 Rg4 60. Rd1 Kxh2 61. Kb3 h4 62. Rd2+ Rg2 63. Rd1 Rg4 64. Rd2+ Kh3 65. Rd1 Kg2 66. Rd2+ Kf3 67. Rd3+ Kf4 68. Kxb4 Kg5+ 69. Kc5 Rf4 70. Kd5 Kg4 71. Ke5 g5 72. Rd1 h3 73. Rg1+ Kh4 74. Rh1 Rf2 75. Ke4 g4 76. Ke3 g3 77. Ra1 h2 78. Ra8 Kh3 0-1

[Event "4. Open. Int. (tot.)"]
[Site "Padova  Fornace Carotta"]
[Date "2001.12.23"]
[Round "5.21"]
[White "Clarini, Ivo"]
[Black "Alessi, Giovanni"]
[Result "0-1"]
[WhiteElo "1657"]
[BlackElo "1389"]
[Annotator "Gabriele Ballarin"]
[PlyCount "159"]
[EventDate "2001.12.15"]
[EventType "swiss"]
[EventRounds "6"]
[EventCountry "ITA"]

1. Nf3 e6 2. c4 c5 3. Nc3 a6 4. a4 b6 5. e4 d6 6. d3 Nc6 7. Be3 Bb7 8. Be2 Nf6 9. O-O Be7 10. d4 cxd4 11. Nxd4 O-O 12. f3 Qc7 13. Kh1 Rfd8 14. Nxc6 Bxc6 15. Qb3 Rab8 16. Rfd1 Nd7 17. Rd2 Nc5 18. Qd1 Bf6 19. Bf4 Be5 20. Bxe5 dxe5 21. Rxd8+ Rxd8 22. Qc2 Rd4 23. b4 Nb7 24. Rc1 Qd8 25. Rd1 Rxd1+ 26. Qxd1 Qd4 27. Qd3 Kf8 28. h3 Ke7 29. b5 axb5 30. axb5 Bd7 31. Qxd4 exd4 32. Na4 Nc5 33. Nxb6 Kd6 34. Kg1 Be8 35. Bd1 Kc7 36. Na4 Nxa4 37. Bxa4 Kb6 38. Kf2 Kc5 39. Ke2 Bd7 40. Kd3 e5 41. b6 Bc8 42. Be8 f6 43. Bd7 Bb7 44. Be6 Kxb6 45. g3 Kc5 46. f4 Bc6 47. fxe5 fxe5 48. h4 h6 49. Bd5 Be8 50. Be6 g5 51. hxg5 hxg5 52. Bg8 Bg6 53. Bd5 Bh5 54. Kd2 Bf3 55. Kd3 Kb4 56. Be6 Bd1 57. Kd2 Bb3 58. Bd5 Bxc4 59. Ba8 Kc5 60. Bb7 Kb4 61. Bc8 Ba2 62. Bb7 Bb1 63. Ba8 Kc5 64. Bd5 d3 65. Kc3 d2 66. Kxd2 Kd4 67. Bf7 Bxe4 68. Bh5 Bg2 69. Bg6 e4 70. Bf5 Bf3 71. Bg6 e3+ 72. Ke1 g4 73. Bc2 Kc3 74. Bg6 Kd4 75. Bc2 Be4 76. Bd1 Bf5 77. Be2 Be6 78. Ba6 Bd5 79. Be2 Bf3 80. Ba6 0-1

[Event "4. Open. Int. (tot.)"]
[Site "Padova  Fornace Carotta"]
[Date "2001.12.23"]
[Round "5.22"]
[White "Musiani, Carlo"]
[Black "Goi, Veronika"]
[Result "0-1"]
[WhiteElo "1576"]
[BlackElo "1675"]
[Annotator "Gabriele Ballarin"]
[PlyCount "40"]
[EventDate "2001.12.15"]
[EventType "swiss"]
[EventRounds "6"]
[EventCountry "ITA"]

1. d4 e6 2. Nf3 d5 3. e3 Nf6 4. Bd3 Nbd7 5. Nbd2 c5 6. c3 Bd6 7. O-O O-O 8. Qe2 Re8 9. e4 e5 10. dxc5 Nxc5 11. Bc2 Bg4 12. Re1 Qc7 13. Qf1 Rad8 14. exd5 e4 15. Ng5 Bxh2+ 16. Kh1 Nd3 17. Ngxe4 Nxe1 18. f3 Nxc2 19. Nxf6+ gxf6 20. Rb1 Re1 0-1

[Event "4. Open. Int. (tot.)"]
[Site "Padova  Fornace Carotta"]
[Date "2001.12.23"]
[Round "5.24"]
[White "Arras, Antonio"]
[Black "Canazza, Alessandro"]
[Result "0-1"]
[WhiteElo "1458"]
[BlackElo "1500"]
[Annotator "Gabriele Ballarin"]
[PlyCount "58"]
[EventDate "2001.12.15"]
[EventType "swiss"]
[EventRounds "6"]
[EventCountry "ITA"]

1. e4 c6 2. d4 d5 3. e5 Bf5 4. Ne2 e6 5. Ng3 Bg6 6. Bd3 Ne7 7. Bg5 Bxd3 8. Qxd3 h6 9. Bf6 gxf6 10. Nh5 Qa5+ 11. Nc3 fxe5 12. O-O-O Nd7 13. dxe5 O-O-O 14. f4 Ng6 15. Qe3 Bc5 16. Qh3 Bb4 17. Rd3 Bxc3 18. Rxc3 Kb8 19. Qe3 d4 20. Qxd4 Nf6 21. Qf2 Nxh5 22. Ra3 Qb6 23. Qf3 Nhxf4 24. g3 Nd5 25. Qxf7 Nxe5 26. Qxe6 Rde8 27. Qd6+ Qc7 28. Qc5 b6 29. Rb3 Ka8 0-1

[Event "4. Open. Int. (tot.)"]
[Site "Padova  Fornace Carotta"]
[Date "2001.12.23"]
[Round "5.25"]
[White "Trimboli, Carlo"]
[Black "Barbetta, Cosimo"]
[Result "1/2-1/2"]
[WhiteElo "1449"]
[BlackElo "1540"]
[Annotator "Gabriele Ballarin"]
[PlyCount "128"]
[EventDate "2001.12.15"]
[EventType "swiss"]
[EventRounds "6"]
[EventCountry "ITA"]

1. e4 c5 2. Nf3 Nc6 3. d4 cxd4 4. Nxd4 e5 5. Nxc6 bxc6 6. Nc3 Nf6 7. Bd3 Be7 8. O-O O-O 9. Ne2 a5 10. Ng3 d5 11. Bg5 h6 12. Bxf6 Bxf6 13. Re1 Qb6 14. Rb1 Be6 15. b3 Bh4 16. Qe2 Rab8 17. c4 c5 18. Nf1 Qd8 19. Ne3 Bg5 20. Bc2 Qc8 21. h3 g6 22. Rbd1 Rb6 23. Nxd5 Bxd5 24. Rxd5 Kg7 25. Red1 Be7 26. Qe3 f6 27. Rf1 Rc6 28. Qg3 Qe6 29. Bd1 f5 30. exf5 Qxf5 31. Bg4 Qf4 32. Qc3 Ra6 33. Rd3 Bf6 34. Qc2 e4 35. Re3 Be5 36. g3 Qf6 37. Qe2 h5 38. Bd7 Ra7 39. Bc6 Qf5 40. Bxe4 Qxh3 41. Bg2 Qf5 42. Rf3 Qg4 43. Re3 a4 44. Qxg4 hxg4 45. Bd5 Kh6 46. Kg2 axb3 47. axb3 Ra2 48. Re4 Kg5 49. Be6 Bd4 50. Rxg4+ Kh6 51. Rf4 Rxf4 52. gxf4 Rb2 53. f5 g5 54. Rh1+ Kg7 55. Rh3 Bxf2 56. Rf3 Be3+ 57. Kf1 Bf4 58. Bd5 Kf6 59. Be6 Ke5 60. Rd3 Rd2 61. Rxd2 Bxd2 62. Kg2 Bc3 63. Kf3 Kf6 64. Kg4 Be5 1/2-1/2

[Event "4. Open. Int. (tot.)"]
[Site "Padova  Fornace Carotta"]
[Date "2001.12.23"]
[Round "5.26"]
[White "Calicchia, Giovanni"]
[Black "Chinellato, Marco"]
[Result "1-0"]
[WhiteElo "1600"]
[BlackElo "1416"]
[Annotator "Gabriele Ballarin"]
[PlyCount "92"]
[EventDate "2001.12.15"]
[EventType "swiss"]
[EventRounds "6"]
[EventCountry "ITA"]

1. e4 c5 2. Nf3 Nc6 3. d4 cxd4 4. Nxd4 g6 5. Be3 Bg7 6. Nc3 Nf6 7. Be2 O-O 8. O-O d5 9. Nxc6 bxc6 10. exd5 cxd5 11. Bf3 Be6 12. Rb1 a5 13. a4 Rb8 14. Nb5 Bf5 15. Nd4 Qc8 16. Nxf5 Qxf5 17. c3 Rfd8 18. h3 e5 19. Re1 d4 20. cxd4 exd4 21. Bd2 d3 22. Bc3 h5 23. Qd2 Rdc8 24. Rbd1 Qd7 25. Qxd3 Qxa4 26. Qa6 Ne8 27. Ra1 Qd7 28. Qxa5 Rb5 29. Qa4 Qf5 30. Be2 Rbc5 31. Ba6 Ra8 32. Rxe8+ Rxe8 33. Qxe8+ Kh7 34. Bxg7 Kxg7 35. Re1 Ra5 36. Bc4 Rc5 37. b3 Ra5 38. Qe4 Qd7 39. Qe8 Qf5 40. Bxf7 Ra2 41. Qg8+ Kh6 42. Qh8+ Kg5 43. Re5 Ra1+ 44. Kh2 Rh1+ 45. Kxh1 Qxe5 46. Qxe5+ Kh6 1-0

[Event "4. Open. Int. (tot.)"]
[Site "Padova  Fornace Carotta"]
[Date "2001.12.23"]
[Round "5.27"]
[White "Fragni, Enrico"]
[Black "De Nard, Stefano"]
[Result "1-0"]
[WhiteElo "1528"]
[BlackElo "1530"]
[Annotator "Gabriele Ballarin"]
[PlyCount "60"]
[EventDate "2001.12.15"]
[EventType "swiss"]
[EventRounds "6"]
[EventCountry "ITA"]

1. d4 Nf6 2. f3 d5 3. Be3 g6 4. Bf2 Bg7 5. e3 O-O 6. Bd3 c5 7. c3 cxd4 8. cxd4 Nc6 9. Nc3 Bd7 10. Nge2 Rc8 11. O-O Nb4 12. Bb1 e6 13. h4 h5 14. Nf4 Qb6 15. e4 Bb5 16. Nxb5 Qxb5 17. e5 Nd7 18. a3 Nc6 19. b4 Nb6 20. Bd3 Nc4 21. g4 hxg4 22. fxg4 Ne7 23. Qe2 Qd7 24. h5 g5 25. Nh3 Bh6 26. Be3 Nxe3 27. Qxe3 Kh8 28. Nxg5 Kg7 29. Rf6 Ng8 30. Rxh6 Nxh6 1-0

[Event "4. Open. Int. (tot.)"]
[Site "Padova  Fornace Carotta"]
[Date "2001.12.23"]
[Round "5.28"]
[White "Morganti, Lionello"]
[Black "Grandesso, Emanuele"]
[Result "1-0"]
[WhiteElo "1687"]
[BlackElo "1500"]
[Annotator "Gabriele Ballarin"]
[PlyCount "55"]
[EventDate "2001.12.15"]
[EventType "swiss"]
[EventRounds "6"]
[EventCountry "ITA"]

1. e4 e5 2. Nf3 Nc6 3. d4 exd4 4. Nxd4 Nxd4 5. Qxd4 d6 6. Bc4 Ne7 7. Bg5 Be6 8. O-O Bxc4 9. Qxc4 g6 10. Qb5+ Qd7 11. Qxb7 Qc8 12. Qxc8+ Rxc8 13. Bf6 Rg8 14. Nd2 Bh6 15. Nc4 Nc6 16. c3 Kd7 17. Rfd1 Rge8 18. e5 Bf4 19. exd6 Bxd6 20. Nxd6 cxd6 21. Rd2 Re6 22. Bh4 Rce8 23. f3 Re2 24. Rad1 Na5 25. Rxd6+ Kc8 26. Ra6 Nb7 27. Bg3 Rd8 28. Rc6# 1-0

[Event "4. Open. Int. (tot.)"]
[Site "Padova  Fornace Carotta"]
[Date "2001.12.22"]
[Round "5.30"]
[White "Spinoso, Giovanni"]
[Black "Nardin, Loris"]
[Result "1-0"]
[WhiteElo "1585"]
[BlackElo "1329"]
[Annotator "Gabriele Ballarin"]
[PlyCount "79"]
[EventDate "2001.12.15"]
[EventType "swiss"]
[EventRounds "6"]
[EventCountry "ITA"]

1. e4 d6 2. d4 Nf6 3. Nc3 g6 4. Nf3 Bg7 5. Be3 O-O 6. Qd2 Re8 7. O-O-O c6 8. Be2 b5 9. a3 a5 10. e5 Ng4 11. h3 Nxe3 12. Qxe3 b4 13. axb4 axb4 14. Ne4 Na6 15. h4 d5 16. Ned2 e6 17. h5 Re7 18. hxg6 fxg6 19. Rh3 Rb7 20. Nb3 Qf8 21. Rdh1 h5 22. Kb1 Bh6 23. Qd3 Kg7 24. g4 c5 25. gxh5 gxh5 26. Rxh5 c4 27. Rg5+ Kh8 28. Qg6 Rh7 29. Rgh5 cxb3 30. Rxh6 bxc2+ 31. Kc1 Qf4+ 32. Nd2 Rxh6 33. Rxh6+ Qxh6 34. Qxh6+ Kg8 35. Bh5 Nc7 36. Bg6 Ra1+ 37. Kxc2 Rh1 38. Qxh1 Kf8 39. Qh8+ Ke7 40. Qxc8 1-0

[Event "4. Open. Int. (tot.)"]
[Site "Padova  Fornace Carotta"]
[Date "2001.12.23"]
[Round "5.31"]
[White "Benedetti, Maurizio"]
[Black "Fabiano, Manuel"]
[Result "0-1"]
[WhiteElo "1500"]
[BlackElo "1500"]
[Annotator "Gabriele Ballarin"]
[PlyCount "78"]
[EventDate "2001.12.15"]
[EventType "swiss"]
[EventRounds "6"]
[EventCountry "ITA"]

1. e4 e6 2. d4 d5 3. Nd2 dxe4 4. Nxe4 Bd7 5. Nf3 Bc6 6. Qd3 Bxe4 7. Qxe4 c6 8. Bd3 h6 9. O-O Nf6 10. Qe2 Nbd7 11. Rd1 Bd6 12. Ne5 Qc7 13. Bf4 O-O 14. h3 Rfe8 15. g4 Nd5 16. Bg3 Nxe5 17. Bxe5 Bxe5 18. Qxe5 Qxe5 19. dxe5 Nf4 20. Kh2 Rad8 21. Bf1 Rd5 22. Kg3 g5 23. Rxd5 exd5 24. Re1 f6 25. e6 Rxe6 26. Rxe6 Nxe6 27. Bd3 Kf7 28. Bf5 b6 29. Bxe6+ Kxe6 30. f4 d4 31. h4 Kd5 32. hxg5 hxg5 33. Kf3 c5 34. fxg5 fxg5 35. b3 b5 36. a3 a5 37. a4 bxa4 38. bxa4 c4 39. Ke2 Ke4 0-1

[Event "4. Open. Int. (tot.)"]
[Site "Padova  Fornace Carotta"]
[Date "2001.12.23"]
[Round "5.33"]
[White "Franz, Paolo"]
[Black "Traversi, Carlo"]
[Result "0-1"]
[WhiteElo "1500"]
[BlackElo "1561"]
[Annotator "Gabriele Ballarin"]
[PlyCount "56"]
[EventDate "2001.12.15"]
[EventType "swiss"]
[EventRounds "6"]
[EventCountry "ITA"]

1. e4 c5 2. Nf3 d6 3. d4 cxd4 4. Nxd4 Nf6 5. Nc3 g6 6. Be2 Nc6 7. O-O Bg7 8. Be3 Nxd4 9. Qxd4 O-O 10. Qd2 Be6 11. Bh6 a6 12. a4 Qc7 13. Bxg7 Kxg7 14. a5 Rac8 15. Rfc1 Rfd8 16. Bf3 b5 17. axb6 Qxb6 18. Nd5 Bxd5 19. exd5 Qxb2 20. Rxa6 Rc4 21. Raa1 Rdc8 22. Rcb1 Qxc2 23. Qxc2 Rxc2 24. h3 R8c7 25. Rb6 Rd2 26. Rc6 Rb7 27. Rd1 Rxd1+ 28. Bxd1 Rb1 0-1

[Event "4. Open. Int. (tot.)"]
[Site "Padova  Fornace Carotta"]
[Date "2001.12.23"]
[Round "6.3"]
[White "Viaggi, Stefano"]
[Black "Opacic, Alexandar"]
[Result "0-1"]
[WhiteElo "1764"]
[BlackElo "2113"]
[Annotator "Gabriele Ballarin"]
[PlyCount "88"]
[EventDate "2001.12.15"]
[EventType "swiss"]
[EventRounds "6"]
[EventCountry "ITA"]

1. Nf3 Nf6 2. d4 d5 3. Bf4 e6 4. e3 Bd6 5. Bxd6 Qxd6 6. c3 Nbd7 7. Nbd2 c6 8. Bd3 O-O 9. Qc2 e5 10. dxe5 Nxe5 11. Nxe5 Qxe5 12. O-O-O a5 13. Nf3 Qe7 14. h3 a4 15. a3 Ne4 16. Bxe4 dxe4 17. Nd4 Ra5 18. Qe2 Bd7 19. Rd2 c5 20. Nc2 b5 21. Rhd1 Be6 22. Qh5 f5 23. f4 Ra7 24. Rg1 Bb3 25. g4 b4 26. gxf5 Bxc2 27. f6 Qxf6 28. Qd5+ Kh8 29. Kxc2 bxc3 30. bxc3 Qe7 31. Rb1 h6 32. Rb5 Rc7 33. Qd6 Qf7 34. Qd5 Qe7 35. Ra5 Rb7 36. Qxc5 Qf7 37. Qd5 Qc7 38. Rxa4 Rc8 39. Qd4 Qb8 40. Rb4 Rxb4 41. Qxb4 Qa8 42. Rd7 Rb8 43. Qd4 Rg8 44. Re7 Qc8 0-1

[Event "4. Open. Int. (tot.)"]
[Site "Padova  Fornace Carotta"]
[Date "2001.12.23"]
[Round "6.4"]
[White "Viola, Matteo"]
[Black "Tomba, Ivan"]
[Result "1/2-1/2"]
[WhiteElo "1916"]
[BlackElo "2041"]
[Annotator "Gabriele Ballarin"]
[PlyCount "129"]
[EventDate "2001.12.15"]
[EventType "swiss"]
[EventRounds "6"]
[EventCountry "ITA"]

1. e4 c5 2. Nc3 e6 3. g3 Nc6 4. Bg2 g6 5. Nge2 Bg7 6. d3 Nge7 7. Be3 Nd4 8. O-O O-O 9. f4 d6 10. g4 f5 11. h3 Rb8 12. a4 a6 13. Qd2 b5 14. axb5 axb5 15. Rae1 b4 16. Nd1 b3 17. Bxd4 cxd4 18. c3 dxc3 19. Ndxc3 Nc6 20. g5 Nd4 21. Nxd4 Bxd4+ 22. Kh1 Qa5 23. Ra1 Qb6 24. Rfe1 Bd7 25. h4 Rfc8 26. exf5 gxf5 27. Rac1 Qa5 28. Ne4 Qxd2 29. Nxd2 Bxb2 30. Rxc8+ Rxc8 31. Nxb3 Rb8 32. Nc1 Bc3 33. Rf1 Rb2 34. Bf3 Rb1 35. Kg2 Bb5 36. Ne2 Rxf1 37. Kxf1 Bxd3 38. Kf2 Bd2 39. Kg3 Be3 40. Nc3 Bc4 41. Bc6 d5 42. Nb5 Bc5 43. h5 d4 44. h6 d3 45. Nc3 Bd4 46. Nd1 Bb3 47. Bf3 Kf7 48. Kg2 Ke7 49. Kg3 Kd6 50. Kg2 Kc5 51. Kf1 Kc4 52. Ke1 Bxd1 53. Kxd1 Bc3 54. g6 hxg6 55. h7 Bd4 56. Kd2 Bf6 57. Bc6 g5 58. Bd7 Bc3+ 59. Kd1 g4 60. Bxe6+ Kc5 61. Bxf5 g3 62. Bh3 Kd6 63. Bf1 Ke7 64. h8=Q Bxh8 65. Kd2 1/2-1/2

[Event "4. Open. Int. (tot.)"]
[Site "Padova  Fornace Carotta"]
[Date "2001.12.23"]
[Round "6.11"]
[White "Carini, Massimo"]
[Black "Giordan, Daniele"]
[Result "1-0"]
[WhiteElo "1872"]
[BlackElo "1425"]
[Annotator "Gabriele Ballarin"]
[PlyCount "139"]
[EventDate "2001.12.15"]
[EventType "swiss"]
[EventRounds "6"]
[EventCountry "ITA"]

1. Nf3 d5 2. c3 c6 3. d3 Nf6 4. Qc2 Bg4 5. Nbd2 Nbd7 6. g3 e6 7. Bg2 Bd6 8. O-O Qc7 9. e4 dxe4 10. dxe4 O-O 11. Nc4 e5 12. h3 Be6 13. Nxd6 Qxd6 14. Ng5 Bc4 15. Rd1 Qe7 16. b3 Ba6 17. Nf3 Rad8 18. Nh4 g6 19. a4 Rfe8 20. Ba3 c5 21. Rd2 b6 22. Rad1 Nf8 23. Nf3 Rxd2 24. Nxd2 Rd8 25. Nf1 Bb7 26. Rxd8 Qxd8 27. Ne3 Ne6 28. Nc4 Qc7 29. f3 Ne8 30. Qd2 f6 31. Bc1 N6g7 32. Bf1 Ne6 33. Ne3 Qd6 34. Bc4 Kf7 35. Bd5 Bxd5 36. exd5 N6c7 37. c4 Ng7 38. Kg2 Qd7 39. g4 Nce8 40. Bb2 Nd6 41. Nf1 Qe7 42. Ng3 Nge8 43. Qe3 Nb7 44. h4 Nbd6 45. h5 g5 46. Qd3 Kg7 47. Ba3 Qd7 48. a5 Qc8 49. axb6 axb6 50. Qe2 Qa6 51. Bc1 Qa1 52. Bb2 Qa2 53. Qc2 Nc7 54. Ne2 Na6 55. Nc1 Nb4 56. Qd2 Qa7 57. Bc3 Na6 58. Nd3 Qe7 59. Qa2 Qb7 60. Nxe5 Nb4 61. Qd2 Nxd5 62. cxd5 fxe5 63. Bxe5+ Kf7 64. Bxd6 Qd7 65. Be5 h6 66. Qd3 Ke8 67. Qg6+ Qf7 68. Qc6+ Qd7 69. Qxd7+ Kxd7 70. Bg7 1-0

[Event "4. Open. Int. (tot.)"]
[Site "Padova  Fornace Carotta"]
[Date "2001.12.23"]
[Round "6.12"]
[White "Roberti, Ignazio"]
[Black "Zangrando, Gianpietro"]
[Result "1-0"]
[WhiteElo "1796"]
[BlackElo "1731"]
[Annotator "Gabriele Ballarin"]
[PlyCount "109"]
[EventDate "2001.12.15"]
[EventType "swiss"]
[EventRounds "6"]
[EventCountry "ITA"]

1. e4 e6 2. d4 d5 3. Nc3 Bb4 4. e5 c5 5. a3 Ba5 6. b4 cxd4 7. Nb5 Bc7 8. f4 Nc6 9. Nf3 Nge7 10. Nfxd4 Nxd4 11. Nxd4 Bd7 12. Bd3 Nc6 13. Nf3 Bb6 14. Bb2 Be3 15. g3 Qb6 16. Qe2 Nxb4 17. axb4 d4 18. c3 dxc3 19. Bxc3 Bc6 20. Rf1 O-O-O 21. Nd2 Bxd2+ 22. Bxd2 Qd4 23. Ra3 Qb2 24. Rxa7 Kb8 25. Be3 Qc3+ 26. Kf2 Qxd3 27. Qxd3 Rxd3 28. Rfa1 Kc7 29. R7a2 Rhd8 30. Rc1 Rb3 31. Bc5 Rdd3 32. Ke2 Rdc3 33. Rxc3 Rxc3 34. Kd2 Rb3 35. Kc2 Bd5 36. Ra8 Rf3 37. Rf8 Be4+ 38. Kd2 Bg6 39. Be3 Rf1 40. Ke2 Rb1 41. g4 Rxb4 42. h4 Kc6 43. h5 Be4 44. Rxf7 Rb2+ 45. Bd2 Kd5 46. Rxg7 b5 47. Rd7+ Kc4 48. Ke3 Bb1 49. Rd6 Rb3+ 50. Kf2 Rb2 51. Ke1 Ba2 52. Rxe6 Rb1+ 53. Ke2 Kd4 54. Re7 Bc4+ 55. Kf2 1-0

[Event "4. Open. Int. (tot.)"]
[Site "Padova  Fornace Carotta"]
[Date "2001.12.23"]
[Round "6.13"]
[White "Rizzo, Giuseppe"]
[Black "Nagliati, Paolo"]
[Result "0-1"]
[WhiteElo "1500"]
[BlackElo "1756"]
[Annotator "Gabriele Ballarin"]
[PlyCount "64"]
[EventDate "2001.12.15"]
[EventType "swiss"]
[EventRounds "6"]
[EventCountry "ITA"]

1. e4 d5 2. exd5 Nf6 3. Nf3 Nxd5 4. d4 g6 5. c4 Nb6 6. Nc3 Bg7 7. Be3 O-O 8. Be2 Nc6 9. Rc1 e5 10. d5 Ne7 11. O-O Nf5 12. c5 Nd7 13. b4 Re8 14. Ne4 Nxe3 15. fxe3 f5 16. Neg5 Nf8 17. Qb3 Qf6 18. d6+ Be6 19. Nxe6 Nxe6 20. Bc4 cxd6 21. cxd6 Rad8 22. Rfd1 Kh8 23. Bxe6 Qxe6 24. Qxe6 Rxe6 25. Ng5 Rf6 26. d7 Bf8 27. Rc8 Be7 28. Rxd8+ Bxd8 29. Rd6 Rf8 30. Re6 Bxg5 31. Re8 Kg7 32. Rxe5 Rd8 0-1

[Event "4. Open. Int. (tot.)"]
[Site "Padova  Fornace Carotta"]
[Date "2001.12.23"]
[Round "6.14"]
[White "Zanirato, Stefano"]
[Black "Borgato, Alessandro"]
[Result "1-0"]
[WhiteElo "1659"]
[BlackElo "1561"]
[Annotator "Gabriele Ballarin"]
[PlyCount "75"]
[EventDate "2001.12.15"]
[EventType "swiss"]
[EventRounds "6"]
[EventCountry "ITA"]

1. Nf3 Nf6 2. d3 d6 3. c3 g6 4. Qc2 Bg7 5. e4 Nbd7 6. Be2 O-O 7. O-O b6 8. Nbd2 Bb7 9. d4 c5 10. e5 dxe5 11. dxe5 Ng4 12. e6 Nde5 13. exf7+ Rxf7 14. Ng5 Rf5 15. Nde4 Bxe4 16. Qxe4 h6 17. Bxg4 Nxg4 18. Qxg4 hxg5 19. Bxg5 Rf7 20. Rad1 Qc8 21. Qe4 Bf6 22. Bxf6 Rxf6 23. Qxe7 Qe6 24. Qxe6+ Rxe6 25. Rfe1 Rae8 26. Kf1 Kf7 27. Rxe6 Rxe6 28. Rd7+ Kf6 29. Rxa7 Rd6 30. Ke2 Re6+ 31. Kd2 Rd6+ 32. Ke3 Re6+ 33. Kf3 Rd6 34. Ra6 Kf5 35. g4+ Kg5 36. Kg3 Rd3+ 37. f3 b5 38. h4+ 1-0

[Event "4. Open. Int. (tot.)"]
[Site "Padova  Fornace Carotta"]
[Date "2001.12.23"]
[Round "6.15"]
[White "Alessi, Giovanni"]
[Black "Marangoni, Simone"]
[Result "0-1"]
[WhiteElo "1389"]
[BlackElo "1633"]
[Annotator "Gabriele Ballarin"]
[PlyCount "92"]
[EventDate "2001.12.15"]
[EventType "swiss"]
[EventRounds "6"]
[EventCountry "ITA"]

1. d4 Nf6 2. c4 g6 3. Nc3 Bg7 4. e3 O-O 5. Nf3 d6 6. Be2 c6 7. O-O Nbd7 8. Bd2 Qc7 9. Qc1 e5 10. e4 exd4 11. Nxd4 Re8 12. Bh6 Nxe4 13. Bxg7 Kxg7 14. Nxe4 Rxe4 15. Qc3 Nf6 16. Bf3 Re8 17. Rfe1 Bd7 18. a3 Qd8 19. Rxe8 Qxe8 20. Re1 Qd8 21. Qe3 Ne8 22. Qe7 Qxe7 23. Rxe7 Nf6 24. h3 Re8 25. Re3 Rxe3 26. fxe3 Ng8 27. e4 Ne7 28. Kf2 f5 29. Ke3 Kf6 30. b4 fxe4 31. Bxe4 Nf5+ 32. Nxf5 Bxf5 33. b5 Bxe4 34. Kxe4 cxb5 35. cxb5 Ke6 36. g4 b6 37. Kd4 d5 38. h4 h6 39. a4 Kd6 40. h5 g5 41. Ke3 Ke5 42. Kf3 d4 43. Ke2 Ke4 44. Kd2 d3 45. Ke1 Ke3 46. Kd1 d2 0-1

[Event "4. Open. Int. (tot.)"]
[Site "Padova  Fornace Carotta"]
[Date "2001.12.23"]
[Round "6.16"]
[White "Goi, Veronika"]
[Black "Baracchi, Leonardo"]
[Result "1-0"]
[WhiteElo "1675"]
[BlackElo "1497"]
[Annotator "Gabriele Ballarin"]
[PlyCount "39"]
[EventDate "2001.12.15"]
[EventType "swiss"]
[EventRounds "6"]
[EventCountry "ITA"]

1. d4 f5 2. Nf3 e6 3. Bf4 Nf6 4. Nbd2 Be7 5. e3 O-O 6. Bd3 b6 7. h3 Bb7 8. Qe2 Nh5 9. Bh2 f4 10. O-O-O c5 11. Ne5 fxe3 12. Qxh5 exd2+ 13. Rxd2 Rf5 14. Bxf5 exf5 15. Qf7+ Kh8 16. Qxf5 Kg8 17. dxc5 Bxc5 18. Rhd1 d5 19. Qf7+ Kh8 20. Qxb7 1-0

[Event "4. Open. Int. (tot.)"]
[Site "Padova  Fornace Carotta"]
[Date "2001.12.23"]
[Round "6.17"]
[White "Binder, Andrea"]
[Black "Zavagli, Massimo"]
[Result "1/2-1/2"]
[WhiteElo "1600"]
[BlackElo "1561"]
[Annotator "Gabriele Ballarin"]
[PlyCount "78"]
[EventDate "2001.12.15"]
[EventType "swiss"]
[EventRounds "6"]
[EventCountry "ITA"]

1. Nf3 Nf6 2. c4 g6 3. b3 Bg7 4. Bb2 O-O 5. g3 d6 6. Bg2 e5 7. d3 Nc6 8. O-O Nh5 9. Nc3 f5 10. e3 Nf6 11. d4 e4 12. Nd2 Nb4 13. Ne2 Nd3 14. Bc3 Nd7 15. Nc1 Nxc1 16. Qxc1 Qf6 17. Qb2 c5 18. Rac1 cxd4 19. exd4 Re8 20. Rfe1 Qe7 21. b4 b6 22. Nb3 Ba6 23. Bd2 Rac8 24. Bf1 Qf7 25. Qa3 Bxc4 26. Bxc4 Rxc4 27. Rxc4 Qxc4 28. Rc1 Qe2 29. Qxa7 Nf6 30. Qxb6 e3 31. Bxe3 Rxe3 32. fxe3 Qxe3+ 33. Kh1 Qf3+ 34. Kg1 Qe3+ 35. Kh1 Ne4 36. Rc8+ Bf8 37. Rxf8+ Kxf8 38. Qd8+ Kg7 39. Qe7+ Kh6 1/2-1/2